000 00462nam a22001697a 4500
005 20180206105845.0
008 160428b xxu||||| |||| 00| 0 eng d
020 _a0-07-463810-6
041 _aeng
082 _b00514
_a005.133
100 _aPappas, Chris H.and Murray, William H.
_94090
245 _aVisual C++6: The Complete Reference
260 _aNew Delhi
_bTMH Publ.co.Ltd.
_c1999
300 _a1015
650 _aInformation Technology
_9137
942 _cBK
999 _c150
_d150